Измерение внутреннего диаметра труб внутренним проходным ВТП; Вестник науки Сибири; № 4 (14)

Dettagli Bibliografici
Parent link:Вестник науки Сибири: электронный научный журнал/ Томский политехнический университет (ТПУ).— , 2011-.— 2226-0064
№ 4 (14).— 2014.— [С. 67-74]
Autore principale: Ван Юй
Riassunto:Заглавие с титульного листа
В настоящее время металлические трубы широко используются в промышленной области. Труба является ключевым элементом многих конструкций. Однако в процессе ее эксплуатации возможно изменение внутреннего диаметра из-за механического воздействия и коррозии. В производстве также нужно измерять исходные внутренние диаметры труб. В статье рассмотрены физические основы вихретокового метода, проведена классификация вихретоковых преобразователей. В качестве наиболее эффективного для решения задачи измерения внутреннего диаметра труб в заданных условиях контроля выбран внутренний проходной вихретоковый преобразователь. Экспериментально определены годографы вносимого сопротивления вихретокового преобразователя от изменения различных параметров, проанализирована зависимость вносимого комплексного сопротивления от частоты входного сигнала, внутреннего диаметра и зазора. Предложены методы и средства для уменьшения погрешности измерения.
Lingua:russo
Pubblicazione: 2014
Serie:Инженерные науки
Soggetti:
Accesso online:http://earchive.tpu.ru/handle/11683/16747
Natura: MixedMaterials Elettronico Capitolo di libro
KOHA link:https://koha.lib.tpu.ru/cgi-bin/koha/opac-detail.pl?biblionumber=539881

MARC

LEADER 00000naa2a2200000 4500
001 539881
005 20231101114447.0
035 |a (RuTPU)RU\TPU\prd\229706 
035 |a RU\TPU\prd\229704 
090 |a 539881 
100 |a 20150115d2014 k y0rusy50 ca 
101 0 |a rus 
102 |a RU 
135 |a drcn ---uucaa 
181 0 |a i  
182 0 |a b 
200 1 |a Измерение внутреннего диаметра труб внутренним проходным ВТП  |f Ван Юй 
203 |a Текст  |c электронный 
215 |a 1 файл (724 Кб) 
225 1 |a Инженерные науки 
230 |a Электронные текстовые данные (1 файл : 724 Кб) 
300 |a Заглавие с титульного листа 
320 |a [Библиогр.: с. 74 (2 назв.)] 
330 |a В настоящее время металлические трубы широко используются в промышленной области. Труба является ключевым элементом многих конструкций. Однако в процессе ее эксплуатации возможно изменение внутреннего диаметра из-за механического воздействия и коррозии. В производстве также нужно измерять исходные внутренние диаметры труб. В статье рассмотрены физические основы вихретокового метода, проведена классификация вихретоковых преобразователей. В качестве наиболее эффективного для решения задачи измерения внутреннего диаметра труб в заданных условиях контроля выбран внутренний проходной вихретоковый преобразователь. Экспериментально определены годографы вносимого сопротивления вихретокового преобразователя от изменения различных параметров, проанализирована зависимость вносимого комплексного сопротивления от частоты входного сигнала, внутреннего диаметра и зазора. Предложены методы и средства для уменьшения погрешности измерения. 
337 |a Adobe Reader 
461 1 |0 (RuTPU)RU\TPU\prd\143680  |x 2226-0064  |t Вестник науки Сибири  |o электронный научный журнал  |f Томский политехнический университет (ТПУ)  |d 2011- 
463 1 |0 (RuTPU)RU\TPU\prd\229694  |t № 4 (14)  |v [С. 67-74]  |d 2014 
610 1 |a труды учёных ТПУ 
610 1 |a электронный ресурс 
610 1 |a трубы 
610 1 |a диаметры 
610 1 |a вихретоковые методы 
610 1 |a преобразователи 
610 1 |a погрешности измерения 
700 0 |a Ван Юй 
801 1 |a RU  |b 63413507  |c 20090623  |g PSBO 
801 2 |a RU  |b 63413507  |c 20180112  |g PSBO 
856 4 |u http://earchive.tpu.ru/handle/11683/16747 
942 |c BK